[Event "GER-chT U16"]
[Site "Lingen"]
[Date "2015.12.29"]
[Round "5.4"]
[White "Sehring, Niklas"]
[Black "Kitzinger, Alexander"]
[Result "0-1"]
[WhiteElo "1164"]
[BlackElo "1444"]
[PlyCount "116"]
[EventDate "2015.12.27"]
[EventType "team-swiss"]
[EventRounds "7"]
[EventCountry "GER"]
[SourceTitle "EXT 2017"]
[Source "ChessBase"]
[SourceDate "2016.10.25"]
[SourceVersion "1"]
[SourceVersionDate "2016.10.25"]
[SourceQuality "1"]
[WhiteTeam "Lingen"]
[BlackTeam "Gau Algesheim"]
[WhiteTeamCountry "GER"]
[BlackTeamCountry "GER"]

1. Nf3 d5 2. g3 c5 3. Bg2 Nc6 4. d4 e6 5. 0-0 Nf6 6. c4 Be7 7. Nc3 0-0 8. b3 Rb8 9. Bb2 a6 10. a4 dxc4 11. bxc4 cxd4 12. Nb1 Qb6 13. Bxd4 Nxd4 14. Qxd4 Bc5 15. Qf4 Bd7 16. Nbd2 Bc6 17. Rab1 Qd8 18. Nb3 Bd6 19. Qh4 Bxa4 20. Rfd1 Bxb3 21. Rxb3 Qe7 22. e4 e5 23. Ne1 Bc5 24. Nd3 Bd4 25. Kh1 Qe6 26. Rb4 Bc3 27. Ra4 Qc6 28. Ra3 Qxc4 29. Qg5 Nxe4 30. Qe3 f5 31. Rc1 Qxd3 32. Qxd3 Nxf2+ 33. Kg1 Nxd3 34. Rcxc3 Nb4 35. Rab3 a5 36. Rc5 b6 37. Rxe5 g6 38. Re6 Kf7 39. Rbe3 Rfe8 40. Rxe8 Rxe8 41. Rc3 Ke6 42. h3 Kd6 43. Rc1 Re3 44. Kf2 Nd3+ 45. Kxe3 Nxc1 46. Kd2 Nb3+ 47. Kc3 Nc5 48. Kc4 a4 49. Kb4 h6 50. Bf3 Ke5 51. Be2 Kd4 52. Bf1 Ke3 53. Bc4 Kf3 54. Bf7 g5 55. Bg6 f4 56. gxf4 gxf4 57. Kb5 a3 58. Kxb6 a2 0-1